| 000 | 00346nam a22001577a 4500 | ||
|---|---|---|---|
| 003 | OSt | ||
| 008 | 240123b |||||||| |||| 00| 0 eng d | ||
| 020 | _a9780670923175 | ||
| 082 |
_a658.4092 _bSIL |
||
| 100 | _aSINEK,Simon | ||
| 245 | _aLeaders Eat Last | ||
| 250 | _a1st Ed | ||
| 260 |
_aUK _bPenguin _c2014 |
||
| 300 | _a350 | ||
| 942 |
_2ddc _cBK |
||
| 999 |
_c12190 _d12190 |
||